Amtliche Kriegs-depeschen nach Berichten des Wolff'schen Telegr.- bureaus ...

Bibliographic Details
Corporate Authors: Continental-telegraphen-compagnie, Wolffs telegraphisches Büro, Germany. Auswärtiges Amt, Germany
Format: Book
Language:German
Published: Berlin : Nationaler Verlag, [between 1900 and 1999]
Subjects:

MARC

Tag First Indicator Second Indicator Subfields
LEADER 00000cam a2200000 4500
001 in00001007236
005 20171023094925.0
008 880322q19001988xx bch 00000 ger
010 |a  43034082  
035 |a (OCoLC)17662435 
035 |9 AFD5656AM 
040 |a DLC  |c COH  |d UtOrBLW 
049 |a TXAM 
050 0 0 |a D505  |b .A455 
245 0 0 |a Amtliche Kriegs-depeschen nach Berichten des Wolff'schen Telegr.- bureaus ... 
264 1 |a Berlin :  |b Nationaler Verlag,  |c [between 1900 and 1999] 
300 |a 8 volumes :  |b frontispiece, portraits, maps, facsimiles ;  |c 28 cm. 
336 |a text  |b txt  |2 rdacontent 
337 |a unmediated  |b n  |2 rdamedia 
338 |a volume  |b nc  |2 rdacarrier 
500 |a "Aktenstücke zum Kriegsausbruch, herausgegeben vom Auswärtigen Amt": 2 leaves, [3]-78 pages at beginning of volume 1. 
500 |a "Fronten-karten vom W.T.B. (Wolff's telegraphisches Bureau) Westlicher Kriegsschauplatz": 32 pages at end of volume 4. 
500 |a "Der Friedensvertrag zwischen Deutschland und den Alliierten und assoziierten Mächten, nebst dem Schlussprotokoll und der Vereinbarung betreffend die Militärische Besetzung der Rheinlande": 154 pages at end of volume 8. 
650 0 |a World War, 1914-1918  |v Sources. 
650 0 |a World War, 1914-1918  |z Germany. 
650 0 |a World War, 1914-1918  |x Campaigns. 
710 2 |a Continental-telegraphen-compagnie, Wolffs telegraphisches Büro. 
710 1 |a Germany.  |b Auswärtiges Amt. 
710 1 |a Germany.  |k Treaties, statutes, etc. 
730 0 |a Treaty of Versailles  |d (1919 June 28) 
999 |a MARS 
999 f f |s 34f7c53b-4a83-3c0f-b037-bafce3ebdddd  |i aafecae0-29e9-3ca4-8fa2-092ad07b0c4f  |t 0 
952 f f |p ric  |a Texas A&M University  |b Rellis Campus  |c Joint Library Facility  |d Remote Storage  |t 0  |e D505 .A455  |h Library of Congress classification  |i unmediated -- volume  |k Bd.2  |m A14814425463 
952 f f |p ric  |a Texas A&M University  |b Rellis Campus  |c Joint Library Facility  |d Remote Storage  |t 0  |e D505 .A455  |h Library of Congress classification  |i unmediated -- volume  |k Bd.5  |m A14814425829 
952 f f |p ric  |a Texas A&M University  |b Rellis Campus  |c Joint Library Facility  |d Remote Storage  |t 0  |e D505 .A455  |h Library of Congress classification  |i unmediated -- volume  |k Bd.1  |m A14814425316 
952 f f |p ric  |a Texas A&M University  |b Rellis Campus  |c Joint Library Facility  |d Remote Storage  |t 0  |e D505 .A455  |h Library of Congress classification  |i unmediated -- volume  |k Bd.3  |m A14814425413 
952 f f |p ric  |a Texas A&M University  |b Rellis Campus  |c Joint Library Facility  |d Remote Storage  |t 0  |e D505 .A455  |h Library of Congress classification  |i unmediated -- volume  |k Bd.4  |m A14814425366 
998 f f |a D505 .A455  |s Bd.1-Bd.5  |t 0  |l Remote Storage